Geography Quiz

Random Geography or City Quiz

Europe's Largest Cities Quiz Stats

 Plays Quiz Updated Feb 13, 2019

Support Sporcle.
Go Orange.
Score 0/135 Timer 15:00
27 Plays Today
Country City % Correct
FranceParis
92.5%
United KingdomLondon
92.1%
ItalyRome
91.2%
GreeceAthens
87.7%
IrelandDublin
87.2%
SpainMadrid
87%
AustriaVienna
86.1%
RussiaMoscow
85.4%
NorwayOslo
83.9%
NetherlandsAmsterdam
83.7%
SpainBarcelona
82%
PortugalLisbon
82%
CzechiaPrague
81.7%
DenmarkCopenhagen
80.9%
GermanyHamburg
80.5%
PolandWarsaw
80.4%
FinlandHelsinki
78.7%
SwedenStockholm
77.9%
TurkeyIstanbul
77.5%
ItalyMilan
77.2%
HungaryBudapest
77.2%
RussiaSaint Petersburg
76.5%
UkraineKyiv
74.5%
LuxembourgLuxembourg
70.9%
GermanyMunich
70.2%
BulgariaSofia
68.7%
TurkeyAnkara
68.2%
RomaniaBucharest
67.9%
BelarusMinsk
67.6%
United KingdomBirmingham
65.3%
ItalyNaples
64.6%
FranceMarseille
64.2%
CroatiaZagreb
63.9%
SwitzerlandZürich
63.8%
FranceLyon
61.9%
IcelandReykjavík
61.8%
United KingdomGlasgow
59.6%
EstoniaTallinn
58.2%
SerbiaBelgrade
56.4%
IrelandCork
56.4%
NetherlandsRotterdam
56.1%
SwitzerlandGenève
55.9%
AlbaniaTirana
55.9%
SlovakiaBratislava
54.4%
CyprusNicosia
54.2%
Country City % Correct
BelgiumBrussels
54.2%
PolandKraków
53.4%
LithuaniaVilnius
52.9%
AndorraAndorra la Vella
50.6%
GermanyBerlin
50.3%
NetherlandsThe Hague
49.5%
LiechtensteinVaduz
49.3%
PortugalPorto
48.9%
SpainValencia
48.2%
North MacedoniaSkopje
46.7%
SloveniaLjubljana
43.8%
LatviaRīga
41.7%
KosovoPristina
41.3%
MoldovaChişinău
39.9%
San MarinoSan Marino
39.1%
Bosnia and HerzegovinaSarajevo
38.4%
SwedenMalmö
35.9%
MontenegroPodgorica
35.5%
CroatiaSplit
35.3%
SwedenGöteborg
34.3%
GreeceThessaloníki
33.8%
NorwayBergen
33.4%
BelgiumAntwerpen
32.1%
Bosnia and HerzegovinaBanja Luka
30.9%
AustriaGraz
30.9%
BelgiumGent
29.1%
SwitzerlandBasel
27.7%
CzechiaBrno
27.2%
DenmarkÅrhus
24.6%
AustriaLinz
23.4%
PolandŁódź
22.7%
Turkeyİzmir
21.2%
UkraineOdėsa
19.6%
DenmarkOdense
17.5%
UkraineKharkiv
16.9%
FinlandEspoo
16.8%
RomaniaCluj-Napoca
16.4%
LithuaniaKaunas
16.4%
NorwayTrondheim
16.3%
IrelandGalway
15.7%
BulgariaVarna
15.6%
SerbiaNovi Sad
14.8%
BulgariaPlovdiv
14.7%
HungaryDebrecen
13.9%
CzechiaOstrava
13.6%
Country City % Correct
RussiaNovosibirsk
13.5%
SloveniaMaribor
13.3%
AlbaniaDurrës
12.3%
CroatiaRijeka
12.2%
CyprusLimassol
11.9%
EstoniaTartu
11.8%
SerbiaNiš
11.6%
FinlandTampere
11.5%
SlovakiaKošice
11.2%
CyprusLarnaca
10.8%
BelarusGomel
10.2%
RomaniaTimișoara
10%
MaltaMosta
9.6%
LiechtensteinSchaan
8.8%
MaltaBirkirkara
8.2%
LuxembourgEsch-Alzette
8%
LithuaniaKlaipėda
8%
EstoniaNarva
7.8%
Bosnia and HerzegovinaZenica
7.3%
MoldovaTiraspol
7.1%
GreecePiraeus
6.7%
KosovoPrizren
6.2%
AndorraLes Escaldes
6.1%
LatviaDaugavpils
6%
San MarinoSerravalle
6%
BelarusMogilev
5.9%
KosovoGjilan
5.9%
MaltaSt. Paul's Bay
5.8%
North MacedoniaBitola
5.6%
HungarySzeged
5.5%
SloveniaCelje
5.4%
AlbaniaVlorë
5.2%
AndorraSant Julià de Lòria
5.1%
MontenegroNikšić
5%
MoldovaBălţi
5%
LuxembourgDifferdange
4.7%
IcelandKópavogur
4.6%
SlovakiaPrešov
4.6%
North MacedoniaKumanovo
4.5%
IcelandHafnarfjörður
4.5%
LiechtensteinTriesen
4%
LatviaLiepāja
3.7%
PortugalVila Nova de Gaia
3.4%
MontenegroPljevlja
3%
San MarinoBorgo Maggiore
2.8%

You're not logged in!

Compare scores with friends on all Sporcle quizzes.
OR
Log In
Forgot?

From the Vault

Harry Potter Character or US President?

by christopherjulia

Wait, when was Alec Baldwin a president?
Remove Ads.
Support Sporcle.
Get the best of Sporcle when you Go Orange. This ad-free experience offers more features, more stats, and more fun while also helping to support Sporcle. Thank you for becoming a member.

Show Comments

Extras

Top Quizzes Today


Score Distribution

Your Account Isn't Verified!

In order to create a playlist on Sporcle, you need to verify the email address you used during registration. Go to your Sporcle Settings to finish the process.

Report this User

Report this user for behavior that violates our Community Guidelines.

Details: